| 000 | 00888nam a2200241 a 4500 | ||
|---|---|---|---|
| 001 | 41069 | ||
| 003 | BD-RjUL | ||
| 005 | 20211209053326.0 | ||
| 008 | 160514s1993 ii ||||| |||| 00| 0 ben d | ||
| 020 | _c: Tk. 75.00 (V-3) | ||
| 035 | _a(BD-RjUL) 41185 | ||
| 040 |
_aBD-RjUL _bben _cBD-RjUL |
||
| 041 | _aben | ||
| 082 |
_223 _a891.4408 _bMIS 1993 |
||
| 100 |
_aমিত্র, বিমল _9126046 |
||
| 245 | 1 | 0 |
_aসমগ্র গল্প-সম্ভার / _cবিমল মিত্র |
| 260 |
_aকলকাতা : _bসাহিত্যিকলোক, _c১৯৮৯-১৯৯৩ |
||
| 300 |
_aখণ্ড ; _c২১ সেমি. |
||
| 505 | 0 | _aখণ্ড ১ -- খণ্ড ২ -- খণ্ড ৩--- | |
| 650 |
_aবাংলা সাহিত্য _xসংগ্রহ _9122902 |
||
| 650 |
_aBengali literature _xCollection _9122903 |
||
| 942 |
_2ddc _cBK |
||
| 999 |
_c41069 _d41069 |
||